Đời sống bí ẩn của cây = The hidden life of trees
Đời sống bí ẩn của cây chúng cảm thấy gì? Chúng giao tiếp thế nào? Những phát hiện từ thế giới bí mật "Khi bạn biết rằng cây cũng biết đau, cũng có ký ức, và cây ba mẹ sống cùng con cái, thì bạn không còn có thể chặt chúng và pha...
Gardado en:
| Autor Principal: | |
|---|---|
| Outros autores: | |
| Formato: | Libro |
| Idioma: | Vietnamese |
| Publicado: |
Thành phố Hồ Chí Minh
Thế Giới
2015
|
| Edición: | Tái bản lần thứ 4 |
| Những chủ đề: | |
| Các nhãn: |
Engadir etiqueta
Sen Etiquetas, Sexa o primeiro en etiquetar este rexistro!
|
| Thư viện lưu trữ: | Thư viện Trường Đại học Nam Cần Thơ |
|---|
| LEADER | 01277nam a22002177a 4500 | ||
|---|---|---|---|
| 001 | NCT_150820 | ||
| 008 | 230603b xxu||||| |||| 00| 0 vie d | ||
| 999 | |c 7795 |d 7795 | ||
| 020 | |a 9786043453390 |c 149000 | ||
| 082 | 0 | 4 | |2 23rd ed. |a 581 |b W846 |
| 100 | 1 | |a Wohlleben, Peter | |
| 245 | 1 | 0 | |a Đời sống bí ẩn của cây = |b The hidden life of trees |c Peter Wohlleben; Thanh Vy (dịch) |
| 250 | |a Tái bản lần thứ 4 | ||
| 260 | |a Thành phố Hồ Chí Minh |b Thế Giới |c 2015 | ||
| 300 | |a 253 tr. |c 24cm | ||
| 520 | 3 | |a Đời sống bí ẩn của cây chúng cảm thấy gì? Chúng giao tiếp thế nào? Những phát hiện từ thế giới bí mật "Khi bạn biết rằng cây cũng biết đau, cũng có ký ức, và cây ba mẹ sống cùng con cái, thì bạn không còn có thể chặt chúng và phá vỡ cuộc sống của chúng bằng những cỗ.. | |
| 653 | |a Tham khảo | ||
| 700 | 0 | |a Thanh Vy |e dịch | |
| 942 | |2 ddc |c BK | ||
| 952 | |0 0 |1 0 |2 ddc |4 0 |6 581_000000000000000_W846 |7 0 |9 27784 |a 000001 |b 000001 |d 2023-06-03 |o 581 W846 |p TK.03403 |r 2023-06-03 |v 149000.00 |w 2023-06-03 |y BK | ||
| 980 | |a Thư viện Trường Đại học Nam Cần Thơ | ||